| Tag |
First Indicator |
Second Indicator |
Subfields |
| LEADER |
00000cam a2200000 i 4500 |
| 001 |
in00000042423 |
| 005 |
20151007072717.0 |
| 008 |
780612s1948 ag a b 00100 spa d |
| 035 |
|
|
|a (OCoLC)03968424
|
| 035 |
|
|
|9 AAE8411AM
|
| 040 |
|
|
|a NRC
|c NRC
|d TXA
|d UtOrBLW
|
| 049 |
|
|
|a TXAM
|c [168615]
|
| 050 |
|
0 |
|a SB731
|b .M28
|
| 092 |
|
|
|a 581.2
|b M317t
|
| 100 |
1 |
|
|a Marchionatto, Juan Bantista,
|d 1896-
|
| 245 |
1 |
0 |
|a Tratado de fitopatologia.
|
| 264 |
|
1 |
|a Buenos Aires :
|b Ediciones libreria del Colegio,
|c [1948]
|
| 300 |
|
|
|a 537 pages including illustrations
|
| 336 |
|
|
|a text
|b txt
|2 rdacontent
|
| 337 |
|
|
|a unmediated
|b n
|2 rdamedia
|
| 338 |
|
|
|a volume
|b nc
|2 rdacarrier
|
| 504 |
|
|
|a Bibliografia: pages [475]-503.
|
| 650 |
|
0 |
|a Plant diseases.
|
| 999 |
|
|
|a MARS
|
| 999 |
f |
f |
|s 47f72811-b288-3ac6-9b05-c9e8d3f09b2b
|i 5ed25446-bc28-36b6-a983-25acfb5ec054
|t 0
|
| 952 |
f |
f |
|p ric
|a Texas A&M University
|b Rellis Campus
|c Joint Library Facility
|d Remote Storage
|t 0
|e SB731 .M28
|h Library of Congress classification
|i unmediated -- volume
|m A14800989154
|
| 998 |
f |
f |
|a SB731 .M28
|t 0
|l Remote Storage
|